000 00629cam a2200145 4500500
005 20260208010746.0
041 _afre
042 _adc
100 1 0 _aVerdeau, Patricia
_eauthor
245 0 0 _aVéronique Albanel, Amour du monde. Christianisme et politique chez Hannah Arendt, Paris, Les Éditions du Cerf, coll. « La nuit surveillée », 2010, 432 p., 38 €
260 _c2012.
500 _a3
786 0 _nRevue philosophique de la France et de l'étranger | 137 | 1 | 2012-02-17 | p. 101zf-135zf | 0035-3833
856 4 1 _uhttps://shs.cairn.info/revue-philosophique-2012-1-page-101zf?lang=fr&redirect-ssocas=7080
999 _c1658051
_d1658051